[Event "HUN-chT2 Erkel 1314"]
[Site "Hungary"]
[Date "2013.09.22"]
[Round "2.5"]
[White "Veres, Jozsef"]
[Black "Vass, Istvan"]
[Result "1/2-1/2"]
[WhiteElo "2101"]
[BlackElo "2058"]
[PlyCount "33"]
[EventDate "2013.09.08"]
[EventType "team-tourn"]
[EventRounds "11"]
[EventCountry "HUN"]
[SourceTitle "EXT 2016"]
[Source "ChessBase"]
[SourceDate "2015.10.08"]
[SourceVersion "1"]
[SourceVersionDate "2015.10.08"]
[SourceQuality "1"]
[WhiteTeam "Andornaktalya"]
[BlackTeam "Budapest MAFC"]
[WhiteTeamCountry "HUN"]
[BlackTeamCountry "HUN"]

1. e4 c5 2. Nf3 d6 3. d4 cxd4 4. Nxd4 Nf6 5. Nc3 a6 6. Bc4 e6 7. Bb3 Be7 8. 0-0 0-0 9. f4 Nc6 10. Be3 Qc7 11. f5 Nxd4 12. Bxd4 Bd7 13. Qe2 Rfe8 14. fxe6 Bxe6 15. Bxe6 fxe6 16. Kh1 e5 17. Bg1 1/2-1/2

[Event "HUN-chT2 Erkel 1213"]
[Site "Hungary"]
[Date "2012.09.16"]
[Round "1.2"]
[White "Ortel, Endre"]
[Black "Veres, Jozsef"]
[Result "1/2-1/2"]
[WhiteElo "2226"]
[BlackElo "2108"]
[PlyCount "39"]
[EventDate "2012.09.16"]
[EventType "team-tourn"]
[EventRounds "11"]
[EventCountry "HUN"]
[SourceTitle "EXT 2014"]
[Source "ChessBase"]
[SourceDate "2013.11.20"]
[SourceVersion "1"]
[SourceVersionDate "2013.11.20"]
[SourceQuality "1"]
[WhiteTeam "Pestszentlorinc"]
[BlackTeam "Andornaktalya"]
[WhiteTeamCountry "HUN"]
[BlackTeamCountry "HUN"]

1. Nf3 Nf6 2. c4 g6 3. b3 Bg7 4. Bb2 c5 5. g3 0-0 6. Bg2 Nc6 7. 0-0 d6 8. d4 cxd4 9. Nxd4 Bd7 10. Nc3 Nxd4 11. Qxd4 Bc6 12. Nd5 Ne8 13. Qd2 Bxb2 14. Qxb2 Bxd5 15. Bxd5 Qc7 16. Qd4 Nf6 17. Bg2 a6 18. Rac1 Rab8 19. Rfd1 Rfd8 20. Bf3 1/2-1/2

[Event "HUN-chT2 Erkel 0304"]
[Site "Hungary"]
[Date "2004.02.08"]
[Round "7"]
[White "Sandor, Tamas"]
[Black "Veres, Jozsef"]
[Result "1-0"]
[WhiteElo "2070"]
[BlackElo "2131"]
[PlyCount "97"]
[EventDate "2003.09.28"]
[EventType "team"]
[EventRounds "11"]
[EventCountry "HUN"]
[SourceTitle "EXT 2009"]
[Source "ChessBase"]
[SourceDate "2008.11.26"]
[SourceVersion "1"]
[SourceVersionDate "2008.11.26"]
[SourceQuality "1"]
[WhiteTeam "Fuzesabony"]
[BlackTeam "Heves"]
[WhiteTeamCountry "HUN"]
[BlackTeamCountry "HUN"]

1. Nf3 c5 2. b3 d5 3. e3 Nc6 4. Bb2 a6 5. Be2 Nf6 6. 0-0 e6 7. d3 Be7 8. Nbd2 b5 9. a4 Bb7 10. e4 d4 11. Ng5 h6 12. Nh3 e5 13. f4 exf4 14. Nxf4 Bd6 15. Ba3 Qc7 16. g3 0-0-0 17. axb5 axb5 18. Bg4+ Kb8 19. Bh3 h5 20. Nd5 Nxd5 21. exd5 Ne5 22. Ne4 b4 23. Bc1 Bxd5 24. Nxd6 Qxd6 25. Bf4 f6 26. Ra5 Bb7 27. Rb5 Qc7 28. Rxb7+ Qxb7 29. Bg2 Qa7 30. Qf3 Rhe8 31. Qc6 g5 32. Bxe5+ Rxe5 33. Rxf6 Re1+ 34. Kf2 Rde8 35. Qb5+ Kc7 36. Be4 R1xe4 37. dxe4 Re7 38. Rc6+ Kd8 39. Ra6 Rf7+ 40. Ke2 Qc7 41. Ra8+ Ke7 42. Qe8+ Kf6 43. Qh8+ Ke7 44. Qxh5 c4 45. Qxg5+ Rf6 46. Ra6 d3+ 47. Ke3 Ke8 48. Qxf6 Qc5+ 49. Kf3 1-0

[Event "HUN-chT2 Maroczy 0203"]
[Site "Hungary"]
[Date "2003.04.13"]
[Round "11.9"]
[White "Veres, Jozsef"]
[Black "Meszaros, Matyas"]
[Result "1/2-1/2"]
[WhiteElo "2129"]
[BlackElo "2230"]
[PlyCount "30"]
[EventDate "2002.09.22"]
[EventType "team"]
[EventRounds "11"]
[EventCountry "HUN"]
[SourceTitle "EXT 2004"]
[Source "ChessBase"]
[SourceDate "2003.11.25"]
[SourceVersion "1"]
[SourceVersionDate "2003.11.25"]
[SourceQuality "1"]
[WhiteTeam "Heves"]
[BlackTeam "Stat PSC II"]
[WhiteTeamCountry "HUN"]
[BlackTeamCountry "HUN"]

1. e4 d5 2. e5 Bf5 3. f4 e6 4. Nf3 c5 5. g3 Nc6 6. d3 Be7 7. Bg2 h5 8. h3 Qb6 9. Nc3 0-0-0 10. a3 Nh6 11. Bd2 f6 12. Qe2 fxe5 13. fxe5 Nf7 14. 0-0-0 g5 15. Rdf1 d4 1/2-1/2

[Event "Infotozsde op 10th"]
[Site "Fuzesabony"]
[Date "2001.09.09"]
[Round "6.4"]
[White "Veres, Jozsef"]
[Black "Eberth, Zoltan"]
[Result "1/2-1/2"]
[WhiteElo "2132"]
[BlackElo "2271"]
[PlyCount "190"]
[EventDate "2001.09.07"]
[EventType "swiss"]
[EventRounds "7"]
[EventCountry "HUN"]
[SourceTitle "EXT 2004"]
[Source "ChessBase"]
[SourceDate "2003.11.25"]
[SourceVersion "1"]
[SourceVersionDate "2003.11.25"]
[SourceQuality "1"]

1. e4 c5 2. Nf3 Nc6 3. d4 cxd4 4. Nxd4 g6 5. c4 Nf6 6. Nc3 Nxd4 7. Qxd4 d6 8. Be2 Bg7 9. Be3 Be6 10. 0-0 0-0 11. Qd2 Rc8 12. b3 a6 13. Rac1 Re8 14. f3 Qa5 15. Rfd1 h5 16. Na4 Qxd2 17. Rxd2 Nd7 18. Rdc2 Rc7 19. Nb6 Nxb6 20. Bxb6 Rc6 21. Be3 Rec8 22. Bd3 f5 23. exf5 Bxf5 24. Be4 Bxe4 25. fxe4 Kf7 26. c5 Ke6 27. Rc4 Be5 28. g3 Rf8 29. Kg2 dxc5 30. Rxc5 Rd6 31. R5c2 Rd3 32. Re2 Bc3 33. Rf1 Rxf1 34. Kxf1 Ke5 35. Bb6 Rd1+ 36. Kg2 g5 37. g4 h4 38. Kf3 Rd3+ 39. Re3 Rxe3+ 40. Bxe3 Kf6 41. h3 Be5 42. Ke2 Bf4 43. Bd4+ Ke6 44. Kd3 b5 45. Bb6 Kd6 46. Bd4 e5 47. Bf2 Kc6 48. a4 Kd6 49. Kc3 Kc6 50. Kd3 Kd6 51. Kc3 Kc6 52. Ba7 Kb7 53. Bc5 Kc6 54. Be7 Kb6 55. Bd8+ Kc6 56. Be7 Be3 57. Kd3 Bf4 58. Kc3 Kd7 59. Bc5 Bg3 60. Be3 Bf4 61. Bc5 Kc6 62. Bf2 Bc1 63. Ba7 Ba3 64. Be3 Be7 65. Kd3 Bd8 66. Kc3 Be7 67. Kd3 Bf6 68. Kc3 Be7 69. Kd3 Kd6 70. axb5 axb5 71. Bf2 Kc6 72. Be3 Kb7 73. Kc3 Ka6 74. b4 Kb7 75. Kb3 Kc6 76. Kc3 Bf6 77. Kb3 Kd6 78. Bc5+ Ke6 79. Be3 Be7 80. Kc3 Bd8 81. Kb3 Kf6 82. Bc5 Ke6 83. Be3 Be7 84. Kc3 Bd8 85. Kb3 Kd6 86. Bc5+ Kc6 87. Be3 Be7 88. Kc3 Bd8 89. Kb3 Bf6 90. Bc5 Bd8 91. Kc3 Bb6 92. Bxb6 Kxb6 93. Kd3 Kc6 94. Ke3 Kd6 95. Kf3 Kc6 1/2-1/2

[Event "Infotozsde op 10th"]
[Site "Fuzesabony"]
[Date "2001.09.08"]
[Round "5"]
[White "Koszegi, Lajos"]
[Black "Veres, Jozsef"]
[Result "1-0"]
[WhiteElo "2149"]
[BlackElo "2132"]
[PlyCount "89"]
[EventDate "2001.09.07"]
[EventType "swiss"]
[EventRounds "7"]
[EventCountry "HUN"]
[SourceTitle "EXT 2004"]
[Source "ChessBase"]
[SourceDate "2003.11.25"]
[SourceVersion "1"]
[SourceVersionDate "2003.11.25"]
[SourceQuality "1"]

1. e4 c5 2. Nc3 a6 3. a4 Nc6 4. Bc4 e6 5. d3 d6 6. f4 Nf6 7. Bb3 Nd4 8. Ba2 b5 9. Nf3 b4 10. Nxd4 cxd4 11. Ne2 Qb6 12. 0-0 Bb7 13. f5 e5 14. Kh1 h5 15. Ng1 Be7 16. Nf3 Ng4 17. Ng5 Bxg5 18. Bxg5 Nf6 19. a5 Qc5 20. Bb3 d5 21. exd5 Bxd5 22. Ba4+ Bc6 23. Bxc6+ Qxc6 24. Qe1 Qd6 25. Bd2 Nd5 26. Ra4 Rb8 27. Qg3 Rg8 28. Re1 f6 29. Qh4 Qc6 30. Qxd4 Qxa4 31. Qxd5 Rh8 32. Qe6+ Kd8 33. Qd6+ Kc8 34. Qxa6+ Rb7 35. Re4 Qa1+ 36. Be1 Kb8 37. Qd6+ Ka7 38. Qc5+ Kb8 39. h3 Rc8 40. Qd6+ Ka7 41. a6 Rbc7 42. Kh2 Rxc2 43. Bf2+ Ka8 44. Qb6 R2c7 45. Rc4 1-0

[Event "Infotozsde op 10th"]
[Site "Fuzesabony"]
[Date "2001.09.08"]
[Round "4"]
[White "Veres, Jozsef"]
[Black "Acs, Gabor"]
[Result "1-0"]
[WhiteElo "2132"]
[BlackElo "2176"]
[PlyCount "101"]
[EventDate "2001.09.07"]
[EventType "swiss"]
[EventRounds "7"]
[EventCountry "HUN"]
[SourceTitle "EXT 2004"]
[Source "ChessBase"]
[SourceDate "2003.11.25"]
[SourceVersion "1"]
[SourceVersionDate "2003.11.25"]
[SourceQuality "1"]

1. g3 d5 2. f4 g6 3. Bg2 Bg7 4. Nf3 Nf6 5. 0-0 0-0 6. d3 c6 7. c3 Bg4 8. Nbd2 Nbd7 9. Qe1 Qb6+ 10. Kh1 Bxf3 11. Nxf3 Rfe8 12. d4 Ne4 13. Ne5 Nxe5 14. fxe5 f5 15. Bxe4 dxe4 16. b3 h5 17. Bg5 Rac8 18. Rc1 c5 19. e3 Qe6 20. Qe2 c4 21. b4 a5 22. Rb1 Ra8 23. bxa5 Rxa5 24. Rxb7 Qa6 25. Rb4 Rc8 26. Bxe7 Rxa2 27. Rb2 Ra8 28. Rfb1 Bh6 29. Bc5 Rxb2 30. Rxb2 Bxe3 31. Kg2 Bg5 32. h4 Bc1 33. Rb6 Qa2 34. Qxa2 Rxa2+ 35. Kf1 e3 36. e6 Rf2+ 37. Kg1 Ra2 38. e7 Ra8 39. Rf6 e2 40. Kf2 Bh6 41. Kxe2 Bg7 42. Rd6 Re8 43. Rxg6 Kf7 44. Ra6 Bf6 45. Kf3 Rb8 46. Kf4 Rb1 47. Kxf5 Rf1+ 48. Ke4 Rg1 49. Kf3 Re1 50. Ra8 Bxe7 51. Ra7 1-0

[Event "Heves Fregatt op 1st"]
[Site "Heves"]
[Date "2001.04.16"]
[Round "8"]
[White "Veres, Jozsef"]
[Black "Urban, Peter"]
[Result "1-0"]
[WhiteElo "2160"]
[BlackElo "1622"]
[PlyCount "63"]
[EventDate "2001.04.16"]
[EventType "swiss"]
[EventRounds "9"]
[EventCountry "HUN"]
[SourceTitle "EXT 2004"]
[Source "ChessBase"]
[SourceDate "2003.11.25"]
[SourceVersion "1"]
[SourceVersionDate "2003.11.25"]
[SourceQuality "1"]

1. g3 e6 2. Bg2 d5 3. f4 c5 4. Nf3 Nc6 5. 0-0 Qb6 6. e3 Nf6 7. b3 Be7 8. Bb2 0-0 9. h3 Qc7 10. d3 b6 11. Nbd2 Bb7 12. Qe1 Rad8 13. g4 d4 14. e4 e5 15. f5 g6 16. Nc4 Nd7 17. g5 f6 18. Qg3 Kg7 19. a4 fxg5 20. Nxg5 Bxg5 21. Qxg5 Rf6 22. Bc1 Nb4 23. Qh6+ Kh8 24. Bg5 Rdf8 25. Bxf6+ Rxf6 26. Qd2 gxf5 27. Rxf5 Rxf5 28. exf5 Nf6 29. Re1 Bxg2 30. Qxg2 Nfd5 31. Rxe5 Ne3 32. Re8# 1-0

[Event "Heves Fregatt op 1st"]
[Site "Heves"]
[Date "2001.04.15"]
[Round "6"]
[White "Kiss, Jozsef"]
[Black "Veres, Jozsef"]
[Result "0-1"]
[WhiteElo "1738"]
[BlackElo "2142"]
[PlyCount "62"]
[EventDate "2001.04.16"]
[EventType "swiss"]
[EventRounds "9"]
[EventCountry "HUN"]
[SourceTitle "EXT 2004"]
[Source "ChessBase"]
[SourceDate "2003.11.25"]
[SourceVersion "1"]
[SourceVersionDate "2003.11.25"]
[SourceQuality "1"]

1. d4 c5 2. g3 cxd4 3. Qxd4 Nc6 4. Qd2 g6 5. Bg2 Bg7 6. Bxc6 bxc6 7. Nf3 Nf6 8. 0-0 0-0 9. Nc3 d6 10. e4 Ng4 11. h3 Ne5 12. Nxe5 Bxe5 13. f4 Bxc3 14. Qxc3 Bxh3 15. Rf2 Qd7 16. f5 e6 17. fxe6 fxe6 18. Rxf8+ Rxf8 19. Bh6 Re8 20. Rd1 e5 21. Kh2 d5 22. Rd2 d4 23. Qc4+ Be6 24. Qc5 Bf7 25. Rf2 Qg4 26. Bd2 Qxe4 27. Qxa7 Qd5 28. b3 e4 29. Rf4 e3 30. Rxd4 Qh5+ 31. Kg2 Qe2+ 0-1

[Event "Heves Fregatt op 1st"]
[Site "Heves"]
[Date "2001.04.15"]
[Round "4"]
[White "Szurovszky, Elek"]
[Black "Veres, Jozsef"]
[Result "1-0"]
[WhiteElo "2187"]
[BlackElo "2142"]
[PlyCount "33"]
[EventDate "2001.04.16"]
[EventType "swiss"]
[EventRounds "9"]
[EventCountry "HUN"]
[SourceTitle "EXT 2004"]
[Source "ChessBase"]
[SourceDate "2003.11.25"]
[SourceVersion "1"]
[SourceVersionDate "2003.11.25"]
[SourceQuality "1"]

1. e4 c5 2. Nf3 e6 3. d4 cxd4 4. Nxd4 Nc6 5. Nc3 Qc7 6. Be2 a6 7. a4 Nf6 8. 0-0 Bb4 9. Nxc6 dxc6 10. Bd3 e5 11. f4 Ng4 12. Qf3 Bc5+ 13. Kh1 Qb6 14. a5 Qa7 15. Nd1 exf4 16. Bxf4 0-0 17. e5 1-0

[Event "Heves Fregatt op 1st"]
[Site "Heves"]
[Date "2001.04.14"]
[Round "3"]
[White "Veres, Jozsef"]
[Black "Bujdoso, Bela"]
[Result "1/2-1/2"]
[WhiteElo "2142"]
[BlackElo "2067"]
[PlyCount "22"]
[EventDate "2001.04.16"]
[EventType "swiss"]
[EventRounds "9"]
[EventCountry "HUN"]
[SourceTitle "EXT 2004"]
[Source "ChessBase"]
[SourceDate "2003.11.25"]
[SourceVersion "1"]
[SourceVersionDate "2003.11.25"]
[SourceQuality "1"]

1. e4 d6 2. d4 Nf6 3. Nc3 g6 4. Nf3 Bg7 5. Bc4 0-0 6. Bb3 Nc6 7. 0-0 Bg4 8. Be3 e5 9. d5 Na5 10. h3 Nxb3 11. axb3 Bxf3 1/2-1/2

[Event "Heves Fregatt 7th"]
[Site "Heves"]
[Date "2001.01.30"]
[Round "12"]
[White "Eberth, Zoltan"]
[Black "Veres, Jozsef"]
[Result "1/2-1/2"]
[WhiteElo "2155"]
[BlackElo "2142"]
[PlyCount "23"]
[EventDate "2001.01.19"]
[EventType "tourn"]
[EventRounds "13"]
[EventCountry "HUN"]
[SourceTitle "EXT 2004"]
[Source "ChessBase"]
[SourceDate "2003.11.25"]
[SourceVersion "1"]
[SourceVersionDate "2003.11.25"]
[SourceQuality "1"]

1. e4 c5 2. Nf3 Nc6 3. d4 cxd4 4. Nxd4 g6 5. c4 Nf6 6. Nc3 Nxd4 7. Qxd4 d6 8. Bg5 Bg7 9. Be2 0-0 10. 0-0 Be6 11. Qd2 Rc8 12. b3 1/2-1/2

[Event "Heves Fregatt 7th"]
[Site "Heves"]
[Date "2001.01.28"]
[Round "10"]
[White "Juhasz, Sandor"]
[Black "Veres, Jozsef"]
[Result "0-1"]
[WhiteElo "2025"]
[BlackElo "2142"]
[PlyCount "72"]
[EventDate "2001.01.19"]
[EventType "tourn"]
[EventRounds "13"]
[EventCountry "HUN"]
[SourceTitle "EXT 2004"]
[Source "ChessBase"]
[SourceDate "2003.11.25"]
[SourceVersion "1"]
[SourceVersionDate "2003.11.25"]
[SourceQuality "1"]

1. e4 c5 2. Nf3 e6 3. b3 Nc6 4. Bb2 a6 5. d4 cxd4 6. Nxd4 Qa5+ 7. Nd2 Nf6 8. Nxc6 dxc6 9. Bd3 Bb4 10. c4 Bc3 11. Qc2 Bxb2 12. Qxb2 0-0 13. 0-0 Rd8 14. b4 Qh5 15. Qc3 c5 16. a3 b6 17. e5 Ng4 18. Nf3 Bb7 19. h3 Bxf3 20. hxg4 Qxg4 21. Bxh7+ Kxh7 22. Qxf3 Qxf3 23. gxf3 Rd4 24. bxc5 bxc5 25. Rfc1 Rb8 26. Rc3 Rb2 27. Kg2 Rdd2 28. Rh1+ Kg6 29. Kg3 Rxf2 30. Rh4 Rg2+ 31. Kf4 Rbd2 32. Rg4+ Rxg4+ 33. Kxg4 Rd4+ 34. f4 f6 35. exf6 gxf6 36. Re3 e5 0-1

[Event "Heves Fregatt 7th"]
[Site "Heves"]
[Date "2001.01.27"]
[Round "9"]
[White "Veres, Jozsef"]
[Black "Toth, Daniel"]
[Result "1/2-1/2"]
[WhiteElo "2142"]
[BlackElo "2128"]
[PlyCount "73"]
[EventDate "2001.01.19"]
[EventType "tourn"]
[EventRounds "13"]
[EventCountry "HUN"]
[SourceTitle "EXT 2004"]
[Source "ChessBase"]
[SourceDate "2003.11.25"]
[SourceVersion "1"]
[SourceVersionDate "2003.11.25"]
[SourceQuality "1"]

1. e4 c6 2. d4 g6 3. Nf3 Bg7 4. Nc3 d5 5. e5 Bg4 6. Be2 Bxf3 7. Bxf3 e6 8. 0-0 Nd7 9. Ne2 c5 10. c3 c4 11. Qa4 a6 12. b4 b5 13. Qc2 Ne7 14. Bg5 0-0 15. a4 h6 16. Bh4 g5 17. Bg3 f5 18. exf6 Nxf6 19. Nc1 Re8 20. a5 Nc6 21. Na2 e5 22. dxe5 Nxe5 23. Bxe5 Rxe5 24. h3 Ra7 25. Rad1 Rd7 26. Rd4 Ne4 27. Rfd1 Ree7 28. Bxe4 Bxd4 29. Bf5 Bg7 30. Bxd7 Rxd7 31. Re1 Rd6 32. Nc1 d4 33. cxd4 Rxd4 34. Qg6 Rd1 35. Rxd1 Qxd1+ 36. Kh2 Qxc1 37. Qe8+ 1/2-1/2

[Event "Bader Memorial op"]
[Site "Heves"]
[Date "2000.10.21"]
[Round "1.13"]
[White "Deli, Gabor"]
[Black "Veres, Jozsef"]
[Result "0-1"]
[WhiteElo "1532"]
[BlackElo "2142"]
[PlyCount "68"]
[EventDate "2000.??.??"]
[EventType "swiss"]
[EventRounds "9"]
[EventCountry "HUN"]
[SourceTitle "EXT 2004"]
[Source "ChessBase"]
[SourceDate "2003.11.25"]
[SourceVersion "1"]
[SourceVersionDate "2003.11.25"]
[SourceQuality "1"]

1. e4 e5 2. Nf3 d6 3. Bc4 Be7 4. 0-0 Nf6 5. d4 exd4 6. Qxd4 Nc6 7. Qd3 Ne5 8. Nxe5 dxe5 9. Qxd8+ Bxd8 10. f4 exf4 11. Bxf4 0-0 12. Nc3 c6 13. Rad1 Ng4 14. h3 Bb6+ 15. Kh1 Nf2+ 16. Rxf2 Bxf2 17. Rf1 Bc5 18. Rf3 Be6 19. Bb3 Bxb3 20. axb3 Rad8 21. Rg3 Bd6 22. e5 Bb8 23. Bh6 Bxe5 24. Rg4 Kh8 25. Bg5 f6 26. Be3 Rd7 27. Bxa7 Ra8 28. Bg1 h5 29. Rh4 g6 30. Na4 Rd1 31. Rb4 b5 32. Nc3 Bxc3 33. bxc3 Raa1 34. Re4 Rxg1+ 0-1

[Event "Bader Memorial op"]
[Site "Heves"]
[Date "2000.10.21"]
[Round "3.3"]
[White "Francsics, Endre"]
[Black "Veres, Jozsef"]
[Result "0-1"]
[WhiteElo "2225"]
[BlackElo "2142"]
[PlyCount "100"]
[EventDate "2000.??.??"]
[EventType "swiss"]
[EventRounds "9"]
[EventCountry "HUN"]
[SourceTitle "EXT 2004"]
[Source "ChessBase"]
[SourceDate "2003.11.25"]
[SourceVersion "1"]
[SourceVersionDate "2003.11.25"]
[SourceQuality "1"]

1. d3 e5 2. Nf3 d6 3. e4 Nc6 4. Nc3 Be7 5. Nd5 Nf6 6. Nxe7 Qxe7 7. c3 h6 8. Be2 Be6 9. 0-0 0-0 10. Qc2 Nd7 11. b3 f5 12. Ba3 fxe4 13. dxe4 Bg4 14. Ne1 Bxe2 15. Qxe2 Qe6 16. Rd1 Rad8 17. Qe3 Nf6 18. f3 Rf7 19. Rf2 Rdf8 20. Rdd2 a6 21. g3 Nh7 22. h4 g5 23. Rh2 g4 24. Rdf2 Qg6 25. f4 exf4 26. Rxf4 Ne5 27. Rxf7 Rxf7 28. Rf2 Rxf2 29. Kxf2 Nf6 30. Bc1 Nxe4+ 31. Kg2 h5 32. Nd3 Qf5 33. Nf4 c6 34. c4 Nc5 35. Bb2 Ncd3 36. Bc3 Nxf4+ 37. gxf4 Qc2+ 38. Kg3 Qd3 39. Qxd3 Nxd3 40. Bd2 Kf7 41. b4 Ke6 42. a4 d5 43. b5 dxc4 44. bxa6 bxa6 45. Kg2 Kf5 46. Kf1 Nxf4 47. Ke1 Ke4 48. Kf2 Nd5 49. Ke2 c3 50. Bc1 Nf4+ 0-1

[Event "Godal Memorial op"]
[Site "Fuzesabony"]
[Date "2000.08.19"]
[Round "4.3"]
[White "Domany, Mihaly"]
[Black "Veres, Jozsef"]
[Result "1-0"]
[WhiteElo "2189"]
[BlackElo "2079"]
[PlyCount "66"]
[EventDate "2000.08.20"]
[EventType "swiss (rapid)"]
[EventRounds "9"]
[EventCountry "HUN"]
[SourceTitle "EXT 2004"]
[Source "ChessBase"]
[SourceDate "2003.11.25"]
[SourceVersion "1"]
[SourceVersionDate "2003.11.25"]
[SourceQuality "1"]

1. b3 e5 2. Bb2 Nc6 3. c4 Nf6 4. e3 d5 5. cxd5 Nxd5 6. Bb5 Ndb4 7. d3 Qd5 8. Bxc6+ bxc6 9. Kf1 Qxd3+ 10. Qxd3 Nxd3 11. Ba3 Nb4 12. Bxb4 Bxb4 13. g3 Ba6+ 14. Kg2 Rd8 15. Nf3 f6 16. a3 Ba5 17. b4 Bb6 18. a4 g5 19. a5 g4 20. Nfd2 c5 21. axb6 Bb7+ 22. e4 axb6 23. bxc5 bxc5 24. Ra7 Rb8 25. Nc3 Kd7 26. Rb1 Bc6 27. Rxb8 Rxb8 28. Nd5 Bxd5 29. exd5 Rb4 30. Ra6 Rd4 31. Nf1 Rxd5 32. Rxf6 c4 33. Ne3 Rd4 1-0